|
|
|
|
| LEADER |
00000nam0a2200000 4500 |
| 001 |
117471 |
| 005 |
20231031123803.0 |
| 010 |
|
|
|a 5939131115
|
| 035 |
|
|
|a (RuTPU)RU\TPU\book\127152
|
| 090 |
|
|
|a 117471
|
| 100 |
|
|
|a 20070604d2006 m y0rusy50 ca
|
| 101 |
0 |
|
|a rus
|
| 102 |
|
|
|a RU
|
| 105 |
|
|
|a a j 001zy
|
| 200 |
1 |
|
|a Методика поиска профессиональной информации
|e учебно-методическое пособие
|f Г. Б. Паршукова
|
| 210 |
|
|
|a СПб.
|c Профессия
|d 2006
|
| 215 |
|
|
|a 224 с.
|c ил.
|
| 320 |
|
|
|a Список использованной литературы: с. 219-222.
|
| 320 |
|
|
|a Рекомендуемая литература: с. 222-223.
|
| 330 |
|
|
|a Материал пособия охватывает разделы курса по технологиям информационного поиска и подготовке научной рукописи с помощью традиционных средств и компьютерных инструментов. Основная цель пособия — формирование информационной компетентности специалистов в различных областях деятельности. Пособие ознакомит с основными задачами, методами, терминологией информационного и библиографического поиска, позволяет получить сведения о важнейших центрах научно-технической, гуманитарной и экономической информации, крупнейших библиотеках России, освоить правила библиографического описания и оформления библиографических ссылок в текстах, правила оформления научных и учебных рукописей. Учебное пособие предназначено для студентов высших учебных заведений, осваивающих курсы библиографии, информационного поиска, библиографической эвристики.
|
| 610 |
1 |
|
|a информация
|
| 610 |
1 |
|
|a профессиональная информация
|
| 610 |
1 |
|
|a хранение
|
| 610 |
1 |
|
|a поиск
|
| 610 |
1 |
|
|a методика
|
| 610 |
1 |
|
|a информационно-библиографическая работа
|
| 610 |
1 |
|
|a документальные коммуникации
|
| 610 |
1 |
|
|a документальный поток
|
| 610 |
1 |
|
|a информационный поиск
|
| 610 |
1 |
|
|a результаты
|
| 610 |
1 |
|
|a обработка
|
| 610 |
1 |
|
|a ГСНТИ
|
| 610 |
1 |
|
|a государственная система научно-технической информации
|
| 610 |
1 |
|
|a информационные центры
|
| 610 |
1 |
|
|a библиотеки
|
| 610 |
1 |
|
|a электронные библиотеки
|
| 610 |
1 |
|
|a Интернет
|
| 610 |
1 |
|
|a Российская Федерация
|
| 610 |
1 |
|
|a учебные пособия
|
| 686 |
|
|
|a Ч231.17
|v LBC/SL-A
|2 rubbk
|
| 686 |
|
|
|a Ч735.27я73
|v LBC/SL-A
|2 rubbk
|
| 700 |
|
1 |
|a Паршукова
|b Г. Б.
|g Галина Борисовна
|
| 801 |
|
1 |
|a RU
|b 63413507
|c 20070604
|g PSBO
|
| 801 |
|
2 |
|a RU
|b 63413507
|c 20161215
|g PSBO
|
| 942 |
|
|
|c BK
|
| 959 |
|
|
|a 46/20070529
|d 1
|e 200,00
|f НМО:1
|